000 00518nam a2200193 a 4500
001 1775557787890
003 YourLibrary
005 20260407160211.0
008 260407s2009##################000#0#eng##
020 _a9780808020196
082 0 4 _a343.7305264
_bABB.2
100 1 _aAbbin, Byrle M.,
_eauthor.
245 1 0 _aIncome Taxation of Fiduciaries and Beneficiaries :
260 _c2009.
300 _a2400 pages
650 0 _aDecedents' estates.
942 _cENGLISH
040 _aYourLibrary
_beng
_cYourLibrary
999 _c619017
_d619017